| 000 | 00384 a2200169 4500 | ||
|---|---|---|---|
| 001 | 183888 | ||
| 020 | _a85-03-00513-1 | ||
| 040 | _cMagnum | ||
| 100 | _aRego, José Lins do | ||
| 240 | 1 | 0 |
_aHistórias da velha totônia _lpor |
| 245 | 1 | 0 | _aHistórias da velha totônia |
| 300 | _a81 | ||
| 362 | 0 | _a1997 | |
| 440 | 1 | _aJosé Olympio | |
| 697 | _aLITERATURA JUVENIL | ||
| 942 | _cBK | ||
| 999 |
_c183888 _d183888 |
||